000 00785nam a2200229Ii 4500
003 JO-AjNU
008 230605s9999||||xx |||||||||||||| ||und||
017 _a2008/6/1989
020 _a9957-16-433-1
040 _aJO-AjNU
_bara
_erda
_cJO-AjNU
041 _aara
050 1 4 _aK50.H32.2009
100 3 _a حبيب ، مصطفى سلمان ,
_eauthor
_912546
245 0 0 _aالمصطلحات القانونية في العقود الإنجليزية / إنجليزي - عربي
250 _aط1
264 3 1 _aعمان : دار الثقافة ، 2009
300 _a272ص
336 _atext
_btxt
_2rdacontent
337 _aunmediated
_bn
_2rdamedia
338 _avolume
_bnc
_2rdacarrier
650 4 _aالمصطلحات القانونية -- العقود -- القانون
_912547
999 _aA2890
_c6458
_d6458